| 000 | 01620cam a22004214i 4500 | ||
|---|---|---|---|
| 003 | PE-LiUPU | ||
| 005 | 20250731172706.0 | ||
| 008 | 150617s r 000 0 d | ||
| 035 | _a(Sirsi) a10324 | ||
| 040 |
_aPE-LiUPU _bspa _cPE-LiUPU _erda |
||
| 049 | _aPRUA | ||
| 082 | 0 | 4 |
_a220.93 _bC449c _221 |
| 100 | 1 |
_aChampdor, Albert, _eautor. |
|
| 245 | 1 | 4 |
_aLes civilisations de la me morte / _cAlbert Champdor. |
| 264 | 1 |
_aParís : _bAlbert Guillot, _c1958. |
|
| 300 |
_a169 páginas ; _c22 cm. |
||
| 336 |
_atext _2rdacontent |
||
| 337 |
_aunmediated _2rdamedia |
||
| 338 |
_avolume _2rdacarrier |
||
| 505 | 0 | _aAdieu a tibériade -- Meggido et la plaine de jerréel -- Jericho, la plus aniciennne ville du monde -- Les collines de ghassoul -- Les ruines romaines de djérash -- La carte en mosaique de madaba -- Le desert des tempetes seches -- Les orifines de petra -- Une nouvelle province est née dans l'empire des Césars -- Le haut lieu nabatéen -- Note sur le panthéon nabatéen -- Note surl'art nabatéen -- L'acropole d'abda -- Les sotileges de la mer morte. | |
| 526 | _aSEG42 | ||
| 526 | _aSEG41 | ||
| 526 | _aSEG40 | ||
| 526 | _aSEG39 | ||
| 526 | _aP94 | ||
| 526 | _aP87 | ||
| 526 | _aP86 | ||
| 526 | _aP85 | ||
| 526 | _aP77 | ||
| 526 | _aP76 | ||
| 526 | _aP35 | ||
| 650 | 0 | 4 | _aARQUEOLOGÍA BÍBLICA (MAR MUERTO). |
| 910 | _ajck | ||
| 942 |
_2ddc _cBK |
||
| 949 |
_a220.93 Ch18c/Fr _wDEWEY _c1 _i10253 _lCCODEBUL1 _mBUL _p00.00 _r0 _sY _tBOOK _u2015-04-21 _xTEOLOGIA _0COMPRA _o.STAFF. Colección General |
||
| 999 |
_c358 _d358 |
||
| 980 |
_81 _gALBERTO SANCHEZ Responsable de Automatización |
||